000 00666nam a22001937a 4500
003 OSt
005 20250826070704.0
008 250826b |||||||| |||| 00| 0 eng d
020 _a0-521-54776-8
040 _aDWCL-Main lib
_cOC
082 _22nd ed.
_aCirc. 428.4071 G558 2004
100 _aEric H. Glendinning
245 _aStudy reading : a course in reading skills for academic purposes/
_cEric H. Glendinning
260 _aNew York :
_bCambridge University Press,
_c c2004
300 _a158 p.
_b ill.
_c24 cm.
500 _ainclude notes and index.
650 _aEnglish language-study and teaching-foreign speakers
942 _2ddc
_cBK-CIRC
_e2nd ed.
_kCirc.
_n0
999 _c4278
_d4278